000 00643nam a2200229Ia 4500
005 20241129105803.0
008 241129s9999||||xx |||||||||||||| ||und||
020 _a978-0-8153-8564-6
037 _aTB
040 _aARTS
_beng
_cARTS
041 _aeng
_2eng
084 _aX:95 R1
_qARTS
100 _aSewell Graham Au.
_9724744
245 0 _aSurveillance: a key idea for business and society
_cSewell Graham Au.
260 _aUK
_bRoutledge
_c2021
300 _axii,177p.
365 _aUKP
_b34.99
490 _aKey ideas in business and management
650 _aEconomics
942 _cTB
_hX:95 R1
999 _c1225940
_d1225940